000 00417nam a22001337a 4500
999 _c525421
_d525421
008 240301b ||||| |||| 00| 0 eng d
100 _aGandhi, Tushar
_943846
245 _aThe diary of Kastor, my BA, H Arper Collins Gurupgram, 2023, ix+299 pages, Rs. 399
260 _aSocial Scientist
300 _a51(11-12), Nov-Dec, 2023: p.93-95
773 _aSocial Scientist
906 _aBOOK REVIEW
942 _cAR